000
00329nam a22001577a 4500
003
SGT
020
_a
9780199457069
082
_a
615.4
_b
C22K
100
_a
KUMAR,SANJAY
245
_a
COMMUNICATION SKILLS
250
_a
2ND
260
_a
NEW DELHI
_b
OXFORD
_c
2022
300
_a
600
650
_a
PHARMACY
942
_2
ddc
_c
BK
_0
10
999
_c
22954
_d
22954